Capitales aleatorias de América del Sur en un mapa - Estadísticas

Estadísticas generales
  • Esta prueba ha sido intentada 176 veces
  • La puntuación promedio es 4 de 5
Respuestas en el mapa
Las respuestas están codificadas por una escala verde-roja en el mapa de la prueba según el % correcto abajo.
 
Estadísticas de respuestas
Ciudad capital % Correcto
Santiago
100%
Brasilia
95%
La Paz | Sucre
94%
Buenos Aires
93%
Lima
93%
Montevideo
93%
Montevideo
92%
Caracas
91%
Quito
87%
Bogotá
81%
Asuncion
70%
Georgetown
61%
Paramaribo
60%
No se encontraron pruebas coincidentes
Distribución de puntuación
Porcentaje de gente con cada puntuación
Porcentaje por número respondido
Historial de tus puntuaciones
No has intentado esta prueba.